Cargando...
Amamal Harsh
| Autor Principal: | |
|---|---|
| Formato: | Printed Book |
| Publicado: |
Alhuda
|
| LEADER | 00254 a2200085 4500 | ||
|---|---|---|---|
| 100 | |a Mahtooz, Najeeb | ||
| 245 | |a Amamal Harsh | ||
| 260 | |b Alhuda | ||
| 999 | |c 332138 |d 332138 | ||
| 952 | |0 0 |1 0 |4 0 |7 0 |9 378903 |a UL |b UL |c PROC |d 2019-02-27 |g 24.00 |l 0 |p 99182 |r 2019-02-27 |v 30.00 |w 2019-02-27 |y BK | ||